Historia de la Iglesia en México : consolidación y actividades de las instituciones fundadoras, 1548-1572; los elementos regeneradores, 1572-1600; y frutos especiales de la Iglesia en el siglo XVI /
Segundo de cinco volúmenes que integran esta historia de la Iglesia católica en México, obra del jesuita historiador Mariano Cuevas (1879-1949), que revisa la consolidación y los quehaceres de las instituciones fundadoras en el lapso 1548-1572; la aparición de elementos regeneradores -como la fundac...
সংরক্ষণ করুন:
| প্রধান লেখক: | |
|---|---|
| অন্যান্য লেখক: | |
| বিন্যাস: | গ্রন্থ |
| ভাষা: | স্প্যানিশ |
| প্রকাশিত: |
México :
Porrúa,
2003, c2003
|
| সংস্করন: | 7a edición |
| মালা: | (Biblioteca Porrúa ;
105) |
| বিষয়গুলি: | |
| ট্যাগগুলো: |
কোনো ট্যাগ নেই, প্রথমজন হিসাবে ট্যাগ করুন!
|
MARC
| LEADER | 00000nam^a2200000^a^4500 | ||
|---|---|---|---|
| 001 | 000178329 | ||
| 005 | 20250521000000.0 | ||
| 009 | 20260310101746.17 | ||
| 020 | |a 970-07-4631-3 | ||
| 037 | |a Acervo ITESO - Biblioteca | ||
| 041 | |a ESP | ||
| 082 | |a 972. |b CUE V. 2 | ||
| 100 | |a Cuevas, Mariano |e (autor) | ||
| 240 | 1 | 1 | |a [Historia de la Iglesia en México] |
| 245 | 1 | 0 | |a Historia de la Iglesia en México : |b consolidación y actividades de las instituciones fundadoras, 1548-1572; los elementos regeneradores, 1572-1600; y frutos especiales de la Iglesia en el siglo XVI / |c M. Cuevas ; ed. de J. Gutiérrez Casillas. |
| 250 | |a 7a edición | ||
| 264 | 4 | |a México : |b Porrúa, |c 2003, c2003 | |
| 300 | |a 528 p., [27 láminas] | ||
| 336 | |a texto |b txt |2 rdacontenido | ||
| 337 | |a sin mediación |b n |2 rdamedio | ||
| 338 | |a volumen |b nc |2 rdasoporte | ||
| 440 | 1 | |a (Biblioteca Porrúa ; |v 105) | |
| 520 | |a Segundo de cinco volúmenes que integran esta historia de la Iglesia católica en México, obra del jesuita historiador Mariano Cuevas (1879-1949), que revisa la consolidación y los quehaceres de las instituciones fundadoras en el lapso 1548-1572; la aparición de elementos regeneradores -como la fundación del Santo Oficio, la creación de la Universidad de México, el ingreso de los jesuitas o las misiones en la zona norte del virreinato- entre 1572 y 1600 y el movimiento intelectual en la iglesia novohispana durante el siglo XVI. | ||
| 649 | |a XX | ||
| 650 | |a Iglesia Católica en México - |x Historia - |y Siglo XVI - |x Tema Principal | ||
| 650 | |a Iglesia Católica en México - |x Historia - |y Virreinato, 1535-1821 | ||
| 650 | |a Iglesia Católica en México - |x Historia - |y Epoca Colonial, 1517-1821 | ||
| 650 | |a Jesuitas en México - |x Historia - |y Siglo XVI | ||
| 650 | |a Monasticismo y Ordenes Religiosas - |z México - |x Historia - |y Siglo XVI | ||
| 650 | |a Evangelización - |z México - |x Historia | ||
| 650 | |a Catolicismo - |z México - |x Historia | ||
| 650 | |a Cristianismo - |z México - |x Historia | ||
| 650 | |a Religión - |z México - |x Historia | ||
| 650 | |a México - |x Historia - |y Siglo XVI | ||
| 650 | |a México - |x Historia - |y Virreinato, 1535-1821 | ||
| 650 | |a México - |x Historia - |y Epoca Colonial, 1517-1821 | ||
| 700 | |a Gutiérrez Casillas, José |e (edición) | ||
| 910 | |a Fondo General | ||
| 920 | |a Impresos - Libros | ||
| 930 | |a Colección General | ||
| 905 | |a 101 | ||
| 901 | |a 0500117164 |b IT1 |c ACC |u 20250521 | ||
| 902 | |a https://opac.biblio.iteso.mx/vufind/Record/000178329 | ||